000 00641nam a2200205Ia 4500
008 160105s9999 xx 000 0 und d
041 _aeng
111 _aInternational clay conference 1981
111 _d06/09/1981-12/09/1981
245 _aInternational clay conference
260 _bElsevier
260 _c1982
300 _bill.
490 _aDevelopments in sedimentology
500 _aCote d'origine affectée par la BC : BC_592 13 devient SS_631.411.3 IN
654 _x ENVIRONNEMENT/SOL/EAU DU SOL/TERRE/ARGILE/TENDANCE/CHIMIE/METHODE/INDUSTRIE
942 _c01
994 _a111853
999 _c11704
_d39702